Catálogo

EL ENCUBRIMIENTO DEL INDIO : (Registro nro. 13874)

Detalles MARC
000 -LEADER
fixed length control field 00487nam a2200169 a 4500
001 - CONTROL NUMBER
control field 13874
005 - DATE AND TIME OF LATEST TRANSACTION
control field 20180713202312.0
008 - FIXED-LENGTH DATA ELEMENTS--GENERAL INFORMATION
fixed length control field 140415s1994 000 0 spa d
041 ## - LANGUAGE CODE
Language code of text/sound track or separate title spa
082 ## - DEWEY DECIMAL CLASSIFICATION NUMBER
Classification number 302.59
Item number DUS
100 1# - MAIN ENTRY--PERSONAL NAME
Personal name DUSSEL, ENRIQUE
245 13 - TITLE STATEMENT
Title EL ENCUBRIMIENTO DEL INDIO :
Remainder of title 1492 (HACIA EL ORIGEN DEL MITO A LA MODERNIDAD)
250 ## - EDITION STATEMENT
Edition statement 2a ed.
260 ## - PUBLICATION, DISTRIBUTION, ETC.
Place of publication, distribution, etc. [s.l.] :
Name of publisher, distributor, etc. CAMBIO XXI,
Date of publication, distribution, etc. 1994
300 ## - PHYSICAL DESCRIPTION
Extent 219
650 14 - SUBJECT ADDED ENTRY--TOPICAL TERM
Topical term or geographic name entry element HISTORIA SOCIAL
General subdivision SOCIOLOGIA RURAL
Existencias
Withdrawn status Lost status Source of classification or shelving scheme Damaged status Not for loan Collection code Home library Current library Shelving location Date acquired Source of acquisition Inventory number Total Checkouts Full call number Barcode Date last seen Price effective from Koha item type
    Dewey Decimal Classification     General Biblioteca Karol Wojtyla Biblioteca Karol Wojtyla Sala general 03/12/2013 Compra 151000000000000000054302   302.59 DUS 30870 05/01/2026 03/12/2013 Libro